The RICS homebuyer service 2009 (Record no. 109446)
[ view plain ]
| 000 -LEADER | |
|---|---|
| fixed length control field | 03204cad a22003375a 4500 |
| 001 - CONTROL NUMBER | |
| control field | E147099 |
| 008 - FIXED-LENGTH DATA ELEMENTS--GENERAL INFORMATION | |
| fixed length control field | 090401s2009 xxk 000 0 eng u |
| 020 1# - INTERNATIONAL STANDARD BOOK NUMBER | |
| International Standard Book Number | 9781842194591 |
| 035 ## - SYSTEM CONTROL NUMBER | |
| System control number | (Sirsi) u147099 |
| 041 0# - LANGUAGE CODE | |
| Language code of text/sound track or separate title | eng |
| 050 04 - LIBRARY OF CONGRESS CALL NUMBER | |
| Classification number | 333.332 $2 18 |
| 110 2# - MAIN ENTRY--CORPORATE NAME | |
| Corporate name or jurisdiction name as entry element | Royal Institution of Chartered Surveyors |
| 9 (RLIN) | 4900 |
| 245 04 - TITLE STATEMENT | |
| Title | The RICS homebuyer service 2009 |
| Remainder of title | RICS practice note |
| 250 ## - EDITION STATEMENT | |
| Edition statement | 3rd ed. |
| 260 ## - PUBLICATION, DISTRIBUTION, ETC. | |
| Place of publication, distribution, etc. | Coventry |
| Name of publisher, distributor, etc. | RICS |
| Date of publication, distribution, etc. | 2009 |
| 300 ## - PHYSICAL DESCRIPTION | |
| Extent | iv, 88p. |
| Dimensions | 30cm. |
| 490 #0 - SERIES STATEMENT | |
| Series statement | RICS Practice Notes |
| 505 2# - FORMATTED CONTENTS NOTE | |
| Formatted contents note | Status of these Practice Notes -- Introduction -- Part A, the Practice Notes: professional obligations; requirements and scope of the RICS HomeBuyer Service; the contract; compiling the report, commentary and guidance -- Part B, the documentation: choosing between surveys; description of the RICS HomeBuyer Service and Standard Terms of Engagement; commentary on particular elements of the Description of the RICS HomeBuyer Service; leasehold properties advice -- Part C, the report form and checklists: introduction to the report (no checklist); about the inspection; summary of the condition ratings; about the property; outside of the property; inside of the property; services; grounds (including shared areas for flats); issues for your legal advisers; risks; valuation; surveyor's declaration; what to do now; house diagram -- Part D, appendices: preamble; appendix A, definitions of the RICS HomeBuyer Service key terms; the RICS HomeBuyer Service, checklist of professional obligations; appendix C, the contract: checklist for each commission; appendix D, notes on the RICS HomeBuyer Service terminology; appendix E, the RICS HomeBuyer Service Licensing Scheme |
| 520 ## - SUMMARY, ETC. | |
| Summary, etc. | Accompanies HBR Report launched on 1 July 2009. The 3rd edition of the practice notes includes: the practice notes; the report documentation, including information on choosing between surveys, a description of the RICS HomeBuyer Report Service and Standard Terms of Engagement, and leasehold properties advice; and the report form and checklists. Under the terms of practice statement UKPS 4.1 in the current edition of the RICS Valuation Standards, surveyors accepting instructions to provide reports under the RICS HomeBuyer Service must comply with the conditions set out in these practice notes. The Practice Notes are written to reflect the property law in England, Wales, Northern Ireland, the Channel Islands and the Isle of Man. Surveyors should make necessary changes in cases where differences in property law in Scotland affect the application of the service. |
| 520 ## - SUMMARY, ETC. | |
| Summary, etc. | For a sample copy of the HBR report, see E147101. |
| 520 ## - SUMMARY, ETC. | |
| Summary, etc. | Supersedes 2nd edition (ISBN 1842191969). |
| 520 ## - SUMMARY, ETC. | |
| Summary, etc. | Superseded by 4th edition (ISBN 9781842194591) with effect from 4 January 2011. |
| 521 ## - TARGET AUDIENCE NOTE | |
| Target audience note | Advanced |
| 590 ## - LOCAL NOTE (RLIN) | |
| Local note | KA |
| 650 24 - SUBJECT ADDED ENTRY--TOPICAL TERM | |
| Topical term or geographic name entry element | HOMEBUYERS REPORT |
| 650 24 - SUBJECT ADDED ENTRY--TOPICAL TERM | |
| Topical term or geographic name entry element | RICS VALUATION STANDARDS |
| 651 #4 - SUBJECT ADDED ENTRY--GEOGRAPHIC NAME | |
| Geographic name | United Kingdom |
| 690 ## - LOCAL SUBJECT ADDED ENTRY--TOPICAL TERM (OCLC, RLIN) | |
| Topical term or geographic name as entry element | PROPERTY-RESIDENTIAL PROPERTY-RESIDENTIAL PROPERTY APPRAISAL AND VALUATION |
| 856 40 - ELECTRONIC LOCATION AND ACCESS | |
| Uniform Resource Identifier | <a href="https://www.isurv.com/downloads/file/3201/archive_homebuyer_report_2009_practice_note">https://www.isurv.com/downloads/file/3201/archive_homebuyer_report_2009_practice_note</a> |
| Public note | Archived on isurv (subscription required) |
| 942 ## - ADDED ENTRY ELEMENTS (KOHA) | |
| Suppress in OPAC | 0 |
| Source of classification or shelving scheme | Dewey Decimal Classification |
| Withdrawn status | Lost status | Source of classification or shelving scheme | Damaged status | Not for loan | Home library | Current library | Shelving location | Date acquired | Total Checkouts | Full call number | Barcode | Date last seen | Copy number | Price effective from | Koha item type |
|---|---|---|---|---|---|---|---|---|---|---|---|---|---|---|---|
| Dewey Decimal Classification | London | London | RICS Boxes | 15/06/2009 | RICS 2009/17 | 30076851 | 06/08/2019 | 1 | 06/08/2019 | Archive | |||||
| Dewey Decimal Classification | London | London | RICS Boxes | 04/04/2014 | RICS 2009/17 | 30076852 | 06/08/2019 | 2 | 06/08/2019 | Book | |||||
| Dewey Decimal Classification | London | London | RICS Boxes | 04/04/2014 | RICS 2009/17 | 30076854 | 06/08/2019 | 3 | 06/08/2019 | Book | |||||
| Dewey Decimal Classification | Virtual | Virtual | Online | 25/05/2023 | isurv | 25/05/2023 | 4 | 25/05/2023 | Online material |